Přídatné síňokomorové dráhy s dekrementálním vedením (tzv. Mahaimovy spojky)

Bibliographic Details
Main Authors: Fiala, Martin (Author), Heinc, P. (Author), Lukl, Jan, 1944- (Author)
Format: Article
Language:Slovak
Czech
PhysicalDescription:Obr. 9, res. angl., čes., lit. 40 zázn.
ISSN:0042-773X
Subjects:

MARC

LEADER 00000nab a2200000 a 4500
001 vtls000644818
003 SK-MaSNL
005 20260304102607.0
008 250425c1997 xo 0 slo
015 |a SNBRB19rr/mm-uuuuu 
035 |a CL0644957 
035 |a urn:nbn:sk:snk-abaj20 
035 |a (urnnbn)urn:nbn:sk:snk:ar-a0a126 
035 |a (uuid)2dc14970-3fba-4f69-932b-ddf1c6324e79 
040 |a SNKBUCL  |b slo  |c SNKBUCL  |e AACR2 
041 0 |a cze 
044 |a xo  |c SK 
080 |a 616.124:616.12-008.318  |2 1981 
080 |a 616.12-008.318  |2 1981 
100 1 |a Fiala, Martin  |4 aut  |9 320006 
245 1 0 |a Přídatné síňokomorové dráhy s dekrementálním vedením (tzv. Mahaimovy spojky)  |c Martin Fiala, P. Heinc, J. Lukl 
300 |b Obr. 9, res. angl., čes., lit. 40 zázn. 
650 0 7 |a srdcové komory  |2 SNK  |9 73863 
650 0 7 |a Mahaimove spojky  |2 SNK  |9 1399799 
655 7 |a články z novín a časopisov  |2 SNK  |9 267496 
700 1 |a Heinc, P.  |4 aut  |9 1133816 
700 1 |a Lukl, Jan,  |d 1944-  |4 aut  |9 134847 
773 0 |t Vnitřní lékařství  |g Roč. 43, č. 10 (1997), s. 663-671  |x 0042-773X 
850 |a Slovenská národná knižnica 
852 |a Slovenská národná knižnica 
954 |a odborná, vedecká literatúra cudzojazyčná (svetová)  |2 lita 
958 |a article14 
958 |a NB 
958 |a MI 
958 |a RK 
958 |a OND 
958 |a EUIPO 
999 |c 2845643  |d 2847573